01467nam a2200277 a 450000100100000000500170001000800410002702000180006804000250008611000140011124501800012526000930030530000360039852003470043458501100078165000390089165000350093065000340096565000390099970000170103870000200105570000300107570000290110570000270113470000280116100003618720200930074934.0120111s2008 sp a 000 0 spa d a9788483470626 aDO-SdBNPbspacBNPHU2 ak.b.zonas10aSuite sweet love :bnacimiento del surromanticismo /ctextos: k.b.zonas, María Escribano, Fernando Castro ; fotografía: archivo k.b.zonas, Félix Lorrio, Manuel Zambrana. a[Madrid] :bAgencia Española de Cooperación Internacional para el Desarrollo,c2008. a107 p. :bil. a color ;c15 cm. aProyecto colectivo artístico que integra la fotografía, el vídeo, la escultura y las instalaciones y que pretende, de un modo valiente, fomentar el diálogo intercultural y social y afrontar la importancia de la igualdad en la educación sentimental de hombres y mujeres con el fin de evitar situaciones de confrontación y maltrato. aExposición itinerante presentada en los países que tienen representación española en el exterior.24aArte contemporáneovEXPOSICIONES24aArte y feminismovEXPOSICIONES24aArte y génerovEXPOSICIONES24aInstalaciones (arte)vEXPOSICIONES1 aLazaga, Noni1 aFranco, Belén1 aEscribano, Maríaetext.1 aCastro, Fernando,etext.1 aLorrio, Félix,efot.1 aZambrana, Manuel,efot.